[Event "Terrassa Barad op"]
[Site "Terrassa"]
[Date "2024.04.26"]
[Round "3"]
[White "Boix Torres, Andreu"]
[Black "Candela Fargas, Jordi"]
[Result "0-1"]
[WhiteElo "1753"]
[BlackElo "1935"]
[PlyCount "88"]
[EventDate "2024.04.12"]
[EventType "swiss"]
[EventRounds "8"]
[EventCountry "ESP"]
[SourceTitle "EXT 2025"]
[Source "ChessBase"]
[SourceDate "2024.10.14"]
[SourceVersion "1"]
[SourceVersionDate "2024.10.14"]
[SourceQuality "1"]

1. e4 c6 2. Nf3 d5 3. Nc3 dxe4 4. Nxe4 Nd7 5. Bc4 Ngf6 6. Qe2 Nxe4 7. Qxe4 Nf6 8. Ne5 e6 9. Qe2 b5 10. Nxc6 Qc7 11. Bxb5 a6 12. Ne5+ axb5 13. d4 Rb8 14. 0-0 Bd6 15. f4 0-0 16. Rf3 Ne8 17. c3 f5 18. Rh3 g6 19. Bd2 Nf6 20. Re1 Ne4 21. Bc1 Qa7 22. Nc6 Qb6 23. Nxb8 Bxb8 24. b3 Bb7 25. c4 bxc4 26. bxc4 Ba6 27. Be3 Qb4 28. Rc1 Rc8 29. Rf3 Rxc4 30. Rxc4 Bxc4 31. Qd1 Bxa2 32. h4 Bc4 33. Kh2 Bd6 34. Qa1 Be2 35. Qa8+ Bf8 36. d5 Bxf3 37. gxf3 Nf6 38. dxe6 Qd6 39. Qa2 Qd5 40. Qxd5 Nxd5 41. Bc1 Bd6 42. h5 Bxf4+ 43. Bxf4 Nxf4 44. hxg6 Nxg6 0-1

[Event "Terrassa Barad op"]
[Site "Terrassa"]
[Date "2024.04.12"]
[Round "1"]
[White "Ramos Tarres, Gerard"]
[Black "Candela Fargas, Jordi"]
[Result "0-1"]
[WhiteElo "1671"]
[BlackElo "1935"]
[PlyCount "54"]
[EventDate "2024.04.12"]
[EventType "swiss"]
[EventRounds "8"]
[EventCountry "ESP"]
[SourceTitle "EXT 2025"]
[Source "ChessBase"]
[SourceDate "2024.10.14"]
[SourceVersion "1"]
[SourceVersionDate "2024.10.14"]
[SourceQuality "1"]

1. e4 c6 2. d4 d5 3. Nc3 dxe4 4. Nxe4 g6 5. Nf3 Bg4 6. Be2 Bg7 7. c3 Nd7 8. 0-0 Ngf6 9. Ng3 0-0 10. h3 Bf5 11. Nxf5 gxf5 12. Bd3 e6 13. Bg5 Qc7 14. Re1 Rad8 15. Qd2 Kh8 16. Bh6 Rg8 17. Bxg7+ Rxg7 18. Ne5 Rdg8 19. Bf1 Ne4 20. Qf4 Nxe5 21. Qxe5 Qd8 22. Rad1 Qh4 23. g3 f6 24. Kh2 Nxg3 25. fxg3 Rxg3 26. Qd6 f4 27. Re4 Rg2+ 0-1